00577nam a2200193 i 450000100060000000300090000600500170001500700030003200800410003510000180007624500620009426000620015630000330021849000410025160000220029270000060031483000410032085200220036184891ES-MaACL20250818131142.0t|041124s1972 sp f 00110bspa d1 aJerez, Jaime.11a"Che" Guevara b: el hombre y la leyenda / cJaime Jerez. a[Madrid] : bCírculo de Amigos de la Historia, c[1972] a248 p., 13 lám. ; c18 cm.1 aFiguras singulares de nuestro tiempo14aGuevara, Ernesto.2 a 1 aFiguras singulares de nuestro tiempo aES-MaACLjC-53360